The Last Ship by J.R.R. Tolkien (Part 1) - Statistics

General Stats
  • This quiz has been taken 310 times
  • The average score is 118 of 270
Answer Stats
Answer % Correct
a
97%
A
97%
the
92%
The
92%
ship
79%
in
78%
and
73%
on
73%
is
65%
to
65%
they
62%
of
61%
was
58%
She
57%
she
57%
there
57%
water
57%
at
56%
with
56%
With
56%
her
55%
Her
55%
were
53%
were,
53%
are
52%
night
52%
their
51%
as
48%
day
48%
down
48%
grey
48%
wind
48%
wind-
48%
dark,
47%
gold
47%
trees
47%
hair
45%
light
45%
will
45%
away
44%
Over
44%
upon
44%
far
43%
”Green
43%
had
43%
looked
43%
out
43%
white
43%
silver-
40%
this
40%
all
39%
blue
39%
saw
39%
three
39%
went
39%
came,
38%
came
38%
Fair
38%
golden
38%
grass
38%
land
38%
land,
38%
like
38%
long
38%
long,
38%
sang
38%
song
35%
birds
34%
hand
32%
its
32%
leaves
32%
Many
32%
many
32%
o’clock:
32%
through
32%
gown
31%
music
31%
Fíriel
30%
river,
30%
stood
30%
bright
29%
feet
29%
leaf;
29%
ran
29%
singing,
29%
singing.
29%
sound
29%
cock
27%
flower
27%
earth
26%
free
26%
glimmering.
26%
dawn
25%
falling,
25%
oar
25%
before,
23%
going;
23%
grow,
23%
harp
23%
pale,
23%
shimmering
23%
stand
23%
dancing
22%
Elvenland
22%
Flutes
22%
leaned
22%
sailing
22%
swans
22%
tall
22%
clear
21%
crowing.
21%
dew
21%
harps
21%
quiver.
21%
shoulders
21%
stair
21%
stone
21%
watched
21%
willow-
21%
window
21%
blown,
19%
cheeping,
19%
crept,
19%
floor
19%
flowing.
19%
folk
19%
gleam
19%
hem,
19%
jewels
19%
kingfisher
19%
oars
19%
streaming.
19%
sudden
19%
timbers
19%
waking
19%
yet
19%
young
19%
beak
18%
below
18%
crowns
18%
dim
18%
ere
18%
flame
18%
flash
18%
gliding;
18%
lily-
18%
morning’s
18%
plunged
18%
prow
18%
reeds
18%
shrill
18%
stem,
18%
till
18%
wrung,
18%
bells
17%
besprinkled.
17%
cool
17%
moved
17%
ringing.
17%
rowing,
17%
cornfields
16%
frail
16%
guiding.
16%
slow
16%
sprawling.
16%
swinging:
16%
twinkled,
16%
voices
16%
softly
14%
unfold,
14%
whiten.”
14%
bending
13%
keen
12%
lighten,
12%
stepped
12%
creeping.
10%
gleaming
9%
No matching quizzes found
Score Distribution
Percent of People with Each Score
Percentile by Number Answered
Your Score History
You have not taken this quiz